000 00539nam a2200157 a 4500
008 120416s1987 ||||||||||||||||| || u
020 _a0851394183
050 _aNA 6821 Ham
100 _aHam, Roderick
245 1 0 _aTheatres
246 _aplanning guidance for design and adaptation
260 _aLondon
_bButterworth Architecture
_c1987
350 _a0.00
650 _aTHEATRE
995 _D0.00
_FCBU-MAIN LIBRARY (Kitwe)
_H1
_I0.00
_M1
_UAVAILABLE
_ZAnnex Low-Usage Collection
999 _c59717
_d59717